Os 10 estados menos populosos dos EUA - Statistics

Estatísticas Gerais
  • Esse quiz foi jogado 269 vezes
  • A pontuação média é 5 de 10
Estatísticas das Respostas
população estado % Correto
1 385 340 Maine
57%
733 583 Alasca
56%
1 093 734 Ilha de Rodes
52%
1 122 867 Montana
51%
647 064 Vermonte
48%
581 381 Wyoming
44%
779 261 Dakota do Norte
41%
909 824 Dakota do Sul
41%
1 018 396 Delaware
39%
1 395 231 Nova Hampshire
27%
Nenhum quiz correspondente encontrado
Distribuição das Pontuações
Porcentagem de Pessoas com Cada Pontuação
Percentil de Números Respondidos
Sua Pontuação Histórica
Você não jogou esse quiz